| 000 | 00831cam a2200277 a 4500 | ||
|---|---|---|---|
| 001 | 12591837 | ||
| 005 | 20180309075857.0 | ||
| 008 | 011116s2002 dcua b 000 0 eng d | ||
| 010 | _a 2001098593 | ||
| 020 | _a1928896014 | ||
| 035 | _a(OCoLC)ocm48881699 | ||
| 040 |
_aLEY _cLEY _dUV$ _dDLC |
||
| 041 | _aeng | ||
| 042 | _alccopycat | ||
| 043 | _an-us--- | ||
| 080 | _a616-053.2 ROB | ||
| 082 | _a616-053.2 ROB | ||
| 100 | 1 | _a8 | |
| 101 | _aPED | ||
| 245 | 1 | 0 |
_aAdvocates in action : _cAdele Robinson and Deborah R. Stark. |
| 504 | _aIncludes bibliograhical references. | ||
| 906 |
_a7 _bcbc _ccopycat _d2 _encip _f20 _gy-gencatlg |
||
| 942 |
_2ddc _cBK |
||
| 999 |
_c44606 _d44606 |
||